El delito de cohecho: problemática jurídico-penal del soborno de funcionarios

Saved in:
Bibliografiske detaljer
Hovedforfatter: Rodríguez Puerta, María José (Author)
Format: Bog
Sprog:spansk
Udgivet: Pamplona Aranzadi 1999
Serier:Colección Monografías Aranzadi, 118
Fag:
Tags: Tilføj Tag
Ingen Tags, Vær først til at tagge denne postø!

MARC

LEADER 00000cam a2200000 a 4500
001 UCF3418
003 CL-VaPUC
008 121011e19990000SP |||||||||||||||||spa|d
020 |a 8484102556 
082 0 4 |a 364.134  |b ROD  |2 21 
100 0 |a Rodríguez Puerta, María José  |e author  |9 565266 
245 1 3 |a El delito de cohecho: problemática jurídico-penal del soborno de funcionarios 
300 |a 330 p 
942 |c BK 
945 |d 20121011 00:00:00  |a dcastane 
260 |a Pamplona  |b Aranzadi  |c 1999 
650 0 |a Delitos contra la administración   |9 368519 
650 0 |a Cohecho  |9 387717 
650 7 |a SOBORNO  |2 CL-VaPUC  |9 484789 
650 7 |a ELEMENTOS DEL DELITO  |2 CL-VaPUC  |9 565267 
650 0 |a Penas   |9 255927 
583 |a last modification  |c 20121011 12:23:00  |k Rodrigo Vera 
490 0 |a Colección Monografías Aranzadi, 118 
999 |c 349771  |d 349769 
952 |0 0  |1 0  |4 0  |6 364_134000000000000_ROD_1999  |7 0  |8 A  |9 452542  |a BIBDER  |b BIBDER  |d 2019-11-22  |i 4913051  |l 5  |o 364.134 ROD 1999  |p 4913051  |r 2024-09-09  |s 2024-09-09  |w 2019-11-22  |y BK  |k DER